[Event "NB I. Maroczy csoport"]
[Site "Szeged"]
[Date "2023.11.26"]
[Round "4.6"]
[White "Tubak, Daniel"]
[Black "Borsavolgyi, Tamas"]
[Result "0-1"]
[WhiteElo "2219"]
[BlackElo "2058"]
[PlyCount "80"]
[EventDate "2023.10.08"]
[EventType "team-tourn"]
[EventRounds "11"]
[EventCountry "HUN"]
[Source "chess.hu"]
[WhiteTeam "Maroczy SE I."]
[BlackTeam "NYVSC "]
[WhiteTeamCountry "HUN"]
[BlackTeamCountry "HUN"]

1. e4 e5 2. Nf3 Nf6 3. Nc3 d6 4. Bc4 Be7 5. O-O h6 6. a4 c6 7. d4 Nbd7 8. Ba2
Qc7 9. Re1 Nf8 10. h3 g5 11. Nh2 Ne6 12. Be3 Nf4 13. Nf1 Be6 14. Bxe6 fxe6 15.
dxe5 dxe5 16. Kh2 h5 17. g3 Rd8 18. Qc1 Ng4+ 19. hxg4 hxg4+ 20. Kg1 Bb4 21.
gxf4 exf4 22. Nh2 fxe3 23. Nxg4 exf2+ 24. Kxf2 Rh2+ 25. Nxh2 Qxh2+ 26. Kf1 Rd7
27. Re3 Bc5 28. Ke1 Qg1+ 29. Ke2 Qg2+ 30. Ke1 Rf7 31. Re2 Qg3+ 32. Kd2 Rd7+ 33.
Nd5 cxd5 34. Qf1 dxe4+ 35. Kc1 Qf3 36. Qe1 Rh7 37. Kd2 e3+ 38. Kc3 Rh4 39. Qd1
Rd4 40. Rd2 e2+ 0-1

[Event "NB I. Maroczy csoport"]
[Site "Szeged"]
[Date "2023.11.26"]
[Round "4.7"]
[White "Egyed, Judit"]
[Black "Nagy, Daniel"]
[Result "0-1"]
[WhiteElo "2090"]
[BlackElo "2307"]
[PlyCount "88"]
[EventDate "2023.10.08"]
[EventType "team-tourn"]
[EventRounds "11"]
[EventCountry "HUN"]
[Source "chess.hu"]
[WhiteTeam "NYVSC "]
[BlackTeam "Maroczy SE I."]
[WhiteTeamCountry "HUN"]
[BlackTeamCountry "HUN"]

1. e4 c5 2. Nf3 e6 3. d4 cxd4 4. Nxd4 Nc6 5. Nxc6 bxc6 6. Bd3 Nf6 7. O-O d5 8.
e5 Nd7 9. f4 Be7 10. Qg4 g6 11. Kh1 c5 12. b3 Bb7 13. Bb2 Qc7 14. Nd2 h5 15.
Qe2 h4 16. h3 O-O-O 17. Ba6 Nb8 18. Bxb7+ Qxb7 19. Nf3 Rh5 20. a3 Nc6 21. Rab1
Kd7 22. Bc3 a6 23. Bd2 Ke8 24. Ng5 Nd4 25. Qg4 Bxg5 26. fxg5 Nf5 27. Bf4 d4 28.
Qf3 Qxf3 29. Rxf3 Rd5 30. Rd3 Rh8 31. Rbd1 Ke7 32. c4 Rd7 33. b4 Rc8 34. Rc1
Rdc7 35. b5 axb5 36. cxb5 c4 37. Rdd1 Ra7 38. b6 Rxa3 39. b7 Rb8 40. Rxc4 Rxb7
41. Rdxd4 Nxd4 42. Rxd4 Ra1+ 43. Kh2 Rbb1 44. g3 Ra2+ 0-1

[Event "NB I. Maroczy csoport"]
[Site "Szeged"]
[Date "2023.11.26"]
[Round "4.8"]
[White "Tesik, Csaba"]
[Black "Egyed, Zsolt"]
[Result "1-0"]
[WhiteElo "2276"]
[BlackElo "2047"]
[PlyCount "47"]
[EventDate "2023.10.08"]
[EventType "team-tourn"]
[EventRounds "11"]
[EventCountry "HUN"]
[Source "chess.hu"]
[WhiteTeam "Maroczy SE I."]
[BlackTeam "NYVSC "]
[WhiteTeamCountry "HUN"]
[BlackTeamCountry "HUN"]

1. e4 c5 2. Nf3 d6 3. d4 cxd4 4. Nxd4 Nf6 5. Nc3 a6 6. h3 Qc7 7. g4 e5 8. Nde2
Be6 9. Bg2 Nc6 10. O-O Be7 11. f4 g6 12. Be3 Bc4 13. f5 h6 14. fxg6 fxg6 15.
Qd2 g5 16. Rf2 Rf8 17. Ng3 Nh7 18. Nf5 Rf6 19. Nd5 Bxd5 20. exd5 Nd8 21. Raf1
Bf8 22. Be4 Nf7 23. Ng3 Rf4 24. Bxh7 1-0

[Event "NB I. Maroczy csoport"]
[Site "Szeged"]
[Date "2023.11.26"]
[Round "4.9"]
[White "Blahota, Marcell"]
[Black "Kopasz, Robert"]
[Result "1-0"]
[WhiteElo "2033"]
[BlackElo "2240"]
[PlyCount "79"]
[EventDate "2023.10.08"]
[EventType "team-tourn"]
[EventRounds "11"]
[EventCountry "HUN"]
[Source "chess.hu"]
[WhiteTeam "NYVSC "]
[BlackTeam "Maroczy SE I."]
[WhiteTeamCountry "HUN"]
[BlackTeamCountry "HUN"]

1. d4 c5 2. d5 g6 3. Nf3 Bg7 4. c4 Nf6 5. Nc3 O-O 6. Bf4 d6 7. h3 Na6 8. e3 Nc7
9. Be2 a6 10. a4 Bd7 11. a5 Rb8 12. O-O b5 13. axb6 Rxb6 14. Ra2 Qb8 15. Qc2
Qb7 16. e4 Rb8 17. Rb1 Rb4 18. Ne1 Nfe8 19. Bd2 e6 20. Qc1 Nf6 21. Nc2 Rb3 22.
Ne3 Re8 23. Bd3 Nh5 24. Bc2 Rb4 25. Qd1 Qc8 26. Na4 Rb8 27. Ba5 Na8 28. dxe6
Rxe6 29. Nc3 Nb6 30. Ncd5 Nxd5 31. Nxd5 Nf6 32. Nc7 Re5 33. Qxd6 Nxe4 34. Bxe4
Rxe4 35. Nd5 Bxh3 36. gxh3 Re6 37. Ne7+ Rxe7 38. Qxe7 Qxh3 39. Bc7 Qg4+ 40. Bg3
1-0

[Event "NB I. Maroczy csoport"]
[Site "Szeged"]
[Date "2023.11.26"]
[Round "4.10"]
[White "Kocsmar, Akos"]
[Black "Ruboczki, Tibor"]
[Result "1/2-1/2"]
[WhiteElo "2111"]
[BlackElo "2016"]
[PlyCount "65"]
[EventDate "2023.10.08"]
[EventType "team-tourn"]
[EventRounds "11"]
[EventCountry "HUN"]
[Source "chess.hu"]
[WhiteTeam "Maroczy SE I."]
[BlackTeam "NYVSC "]
[WhiteTeamCountry "HUN"]
[BlackTeamCountry "HUN"]

1. d4 Nf6 2. c4 c5 3. d5 e6 4. Nc3 exd5 5. cxd5 d6 6. Nf3 g6 7. h3 Bg7 8. Bf4
O-O 9. e3 Na6 10. Nd2 Nc7 11. Qf3 Qe7 12. Be2 Nd7 13. O-O Ne5 14. Qg3 f5 15.
Nc4 Re8 16. h4 Nxc4 17. Bxc4 Be5 18. Rae1 Bd7 19. Bxe5 Qxe5 20. f4 Qg7 21. a4
a6 22. a5 Bb5 23. Be2 Bxe2 24. Rxe2 Nb5 25. Nd1 Nd4 26. Ree1 Nc2 27. Re2 Nd4
28. Ref2 Nb3 29. h5 Nxa5 30. hxg6 hxg6 31. Nc3 Re7 32. e4 Rf8 33. exf5 1/2-1/2

[Event "NB I. Maroczy csoport"]
[Site "Szeged"]
[Date "2023.11.26"]
[Round "4.11"]
[White "Hurkovszkij, Vladyslav"]
[Black "Koszta, Benedek"]
[Result "1-0"]
[WhiteElo "1918"]
[BlackElo "2136"]
[PlyCount "71"]
[EventDate "2023.10.08"]
[EventType "team-tourn"]
[EventRounds "11"]
[EventCountry "HUN"]
[Source "chess.hu"]
[WhiteTeam "NYVSC "]
[BlackTeam "Maroczy SE I."]
[WhiteTeamCountry "HUN"]
[BlackTeamCountry "HUN"]

1. d4 c5 2. e3 Nf6 3. Nf3 g6 4. Be2 Bg7 5. O-O O-O 6. c3 Qc7 7. b3 b6 8. Bb2
Bb7 9. c4 d6 10. Nc3 a6 11. Qc2 e6 12. Rfd1 Rd8 13. Rac1 Nbd7 14. Nd2 Rac8 15.
Nce4 cxd4 16. exd4 Nxe4 17. Nxe4 d5 18. Nd2 dxc4 19. bxc4 Nf6 20. Bf3 Bxf3 21.
Nxf3 Nd5 22. Qe4 Nf6 23. Qe3 Qb7 24. Ne5 Nd7 25. f4 Nf6 26. Re1 Ne8 27. Qb3 Qa7
28. Qf3 Qa8 29. Qe3 Nd6 30. Qb3 Nf5 31. d5 exd5 32. cxd5 Rxc1 33. Rxc1 Rxd5 34.
g4 Bxe5 35. Bxe5 Rd2 36. Qf3 1-0

[Event "NB I. Maroczy csoport"]
[Site "Szeged"]
[Date "2023.11.26"]
[Round "4.12"]
[White "Markus, Molli Amina"]
[Black "Gunyecz, Zoltan Dr"]
[Result "1-0"]
[WhiteElo "1863"]
[BlackElo "1878"]
[PlyCount "99"]
[EventDate "2023.10.08"]
[EventType "team-tourn"]
[EventRounds "11"]
[EventCountry "HUN"]
[Source "chess.hu"]
[WhiteTeam "Maroczy SE I."]
[BlackTeam "NYVSC "]
[WhiteTeamCountry "HUN"]
[BlackTeamCountry "HUN"]

1. Nf3 d5 2. c4 e6 3. g3 Nf6 4. Bg2 Be7 5. O-O O-O 6. b3 b6 7. Bb2 Bb7 8. e3
Nbd7 9. Nc3 Nc5 10. d4 Nce4 11. Nd2 Nxc3 12. Bxc3 Qd7 13. Qc2 Rac8 14. Rad1
Rfd8 15. e4 dxe4 16. Nxe4 Bxe4 17. Bxe4 Nxe4 18. Qxe4 c6 19. Rd3 Bf6 20. Rfd1
Qb7 21. Qf3 Qe7 22. a4 h6 23. Re1 Qc7 24. Qe4 Rd7 25. Bd2 Qd8 26. Be3 a6 27.
Red1 b5 28. d5 exd5 29. cxd5 Re7 30. Qg4 cxd5 31. Rxd5 Qe8 32. axb5 axb5 33.
Bxh6 Re1+ 34. Rxe1 Qxe1+ 35. Kg2 Ra8 36. Bd2 Qe8 37. Rf5 Qe6 38. Qf3 Ra2 39.
Bg5 Bd4 40. Qd3 Qc6+ 41. Kh3 Qe6 42. g4 Bxf2 43. Rxb5 Ba7 44. Rd5 Bb6 45. Bf4
Rb2 46. Bg3 Qh6+ 47. Rh5 Qe6 48. Qh7+ Kf8 49. Qh8+ Ke7 50. Re5 1-0

[Event "NB I. Maroczy csoport"]
[Site "Berente"]
[Date "2023.11.26"]
[Round "4.1"]
[White "Kun, Gabor"]
[Black "Stanciu, Alexandru-Ovidiu"]
[Result "1/2-1/2"]
[WhiteElo "2229"]
[BlackElo "2372"]
[PlyCount "49"]
[EventDate "2023.10.08"]
[EventType "team-tourn"]
[EventRounds "11"]
[EventCountry "HUN"]
[Source "chess.hu"]
[WhiteTeam "Magyar Sakkvilag-SMS"]
[BlackTeam "Pitypalatty Sakk SE"]
[WhiteTeamCountry "HUN"]
[BlackTeamCountry "HUN"]

1. e4 c6 2. c4 g6 3. d4 Bg7 4. Nc3 d6 5. Be3 Nf6 6. f3 a6 7. Qd2 b5 8. Bd3 bxc4
9. Bxc4 d5 10. exd5 cxd5 11. Bd3 O-O 12. Nge2 Nc6 13. O-O Nb4 14. Bb1 a5 15. a3
Nc6 16. Ba2 Ba6 17. Rfd1 a4 18. Bh6 Bxh6 19. Qxh6 Na5 20. Nf4 Bc4 21. Rac1 Qd7
22. Bxc4 Nxc4 23. Ncxd5 Nxd5 24. Rxc4 Ne3 25. Nh3 1/2-1/2

[Event "NB I. Maroczy csoport"]
[Site "Berente"]
[Date "2023.11.26"]
[Round "4.2"]
[White "Leszko, Bence"]
[Black "Nemeth, Zoltan"]
[Result "1/2-1/2"]
[WhiteElo "2264"]
[BlackElo "2193"]
[PlyCount "87"]
[EventDate "2023.10.08"]
[EventType "team-tourn"]
[EventRounds "11"]
[EventCountry "HUN"]
[Source "chess.hu"]
[WhiteTeam "Pitypalatty Sakk SE"]
[BlackTeam "Magyar Sakkvilag-SMS"]
[WhiteTeamCountry "HUN"]
[BlackTeamCountry "HUN"]

1. e4 e5 2. Nf3 Nf6 3. d4 Nxe4 4. Bd3 d5 5. Nxe5 Bd6 6. Nd2 Nf6 7. O-O O-O 8.
Re1 c5 9. dxc5 Bxe5 10. Rxe5 Nbd7 11. Re1 Nxc5 12. Nb3 Nxd3 13. Qxd3 Be6 14.
Bg5 h6 15. Bxf6 Qxf6 16. Nd4 Rfe8 17. c3 Bd7 18. h3 Rxe1+ 19. Rxe1 Re8 20.
Rxe8+ Bxe8 21. Qe3 Kf8 22. Nc2 b6 23. Qd3 Qg6 24. Qxg6 fxg6 25. f4 Ke7 26. Kf2
Kd6 27. Ke3 g5 28. fxg5 Bg6 29. Nd4 hxg5 30. Nf3 Be4 31. Nxg5 Bxg2 32. Kd4 Bh1
33. Nf7+ Ke6 34. Ne5 g5 35. Nc6 a5 36. a4 Bg2 37. b4 axb4 38. cxb4 Bxh3 39. a5
bxa5 40. bxa5 Bf1 41. Nb4 Bc4 42. a6 Bxa6 43. Nxa6 g4 44. Nc7+ 1/2-1/2

[Event "NB I. Maroczy csoport"]
[Site "Berente"]
[Date "2023.11.26"]
[Round "4.3"]
[White "Feher, Gyula"]
[Black "Papp, Tamas"]
[Result "1/2-1/2"]
[WhiteElo "2323"]
[BlackElo "2316"]
[PlyCount "28"]
[EventDate "2023.10.08"]
[EventType "team-tourn"]
[EventRounds "11"]
[EventCountry "HUN"]
[Source "chess.hu"]
[WhiteTeam "Magyar Sakkvilag-SMS"]
[BlackTeam "Pitypalatty Sakk SE"]
[WhiteTeamCountry "HUN"]
[BlackTeamCountry "HUN"]

1. e4 c5 2. Nf3 e6 3. d4 cxd4 4. Nxd4 a6 5. Bd3 Nf6 6. O-O Qc7 7. Qe2 d6 8. c4
g6 9. Nc3 Bg7 10. Nf3 Nc6 11. Bf4 Nh5 12. Be3 O-O 13. Rac1 Ne5 14. b3 Bd7
1/2-1/2

[Event "NB I. Maroczy csoport"]
[Site "Berente"]
[Date "2023.11.26"]
[Round "4.4"]
[White "Daroczi, Donat"]
[Black "Farago, Sandor"]
[Result "1-0"]
[WhiteElo "2124"]
[BlackElo "2067"]
[PlyCount "65"]
[EventDate "2023.10.08"]
[EventType "team-tourn"]
[EventRounds "11"]
[EventCountry "HUN"]
[Source "chess.hu"]
[WhiteTeam "Pitypalatty Sakk SE"]
[BlackTeam "Magyar Sakkvilag-SMS"]
[WhiteTeamCountry "HUN"]
[BlackTeamCountry "HUN"]

1. e4 c5 2. Nf3 d6 3. d4 cxd4 4. Nxd4 Nf6 5. Nc3 a6 6. Bg5 e6 7. f4 Be7 8. Qf3
Qc7 9. O-O-O Nbd7 10. g4 h6 11. Bxf6 Nxf6 12. h4 Bd7 13. g5 Nh7 14. f5 g6 15.
fxg6 fxg6 16. Bh3 Nf8 17. Rd3 hxg5 18. Rf1 Rh7 19. hxg5 Qc5 20. Kb1 O-O-O 21.
Nce2 Kb8 22. Rb3 Rxh3 23. Qxh3 e5 24. Qd3 exd4 25. Rf7 Bxg5 26. Qxa6 Qa7 27.
Qxd6+ Kc8 28. Nxd4 Bd2 29. Rxf8 Rxf8 30. Qxf8+ Kc7 31. Rd3 Ba5 32. Nb5+ Bxb5
33. Qd8+ 1-0

[Event "NB I. Maroczy csoport"]
[Site "Berente"]
[Date "2023.11.26"]
[Round "4.5"]
[White "Meszaros, Andras"]
[Black "Zambor, Norbert"]
[Result "0-1"]
[WhiteElo "2114"]
[BlackElo "2195"]
[PlyCount "73"]
[EventDate "2023.10.08"]
[EventType "team-tourn"]
[EventRounds "11"]
[EventCountry "HUN"]
[Source "chess.hu"]
[WhiteTeam "Magyar Sakkvilag-SMS"]
[BlackTeam "Pitypalatty Sakk SE"]
[WhiteTeamCountry "HUN"]
[BlackTeamCountry "HUN"]

1. e4 c5 2. Nf3 Nc6 3. Be2 e5 4. O-O Nf6 5. d3 d5 6. exd5 Nxd5 7. Nc3 Be7 8.
Re1 O-O 9. h3 Be6 10. Bf1 f6 11. Ne4 Qd7 12. c3 Rad8 13. Qc2 Kh8 14. Bd2 Bg8
15. Ng3 Bd6 16. a3 a5 17. Rad1 Rc8 18. Qb1 f5 19. c4 Nde7 20. b3 Rce8 21. Bc3
Qc7 22. Ba1 Ng6 23. Rc1 b6 24. Bb2 Be6 25. Rc2 Nd4 26. Bxd4 exd4 27. Ng5 Bc8
28. Rce2 Rxe2 29. Nxe2 h6 30. Nf3 Bb7 31. Nd2 Nh4 32. Qd1 Rf6 33. Kh1 Rg6 34.
f3 Qd8 35. Ng1 Qg5 36. Re8+ Kh7 37. Be2 0-1

[Event "NB I. Maroczy csoport"]
[Site "Berente"]
[Date "2023.11.26"]
[Round "4.6"]
[White "Rat, Dan-Ovidiu"]
[Black "Muranyi, Peter"]
[Result "0-1"]
[WhiteElo "2234"]
[BlackElo "2044"]
[PlyCount "79"]
[EventDate "2023.10.08"]
[EventType "team-tourn"]
[EventRounds "11"]
[EventCountry "HUN"]
[Source "chess.hu"]
[WhiteTeam "Pitypalatty Sakk SE"]
[BlackTeam "Magyar Sakkvilag-SMS"]
[WhiteTeamCountry "HUN"]
[BlackTeamCountry "HUN"]

1. g3 g6 2. c4 Bg7 3. Bg2 c5 4. Nc3 Nc6 5. a3 e6 6. b4 d6 7. Qb3 Nge7 8. Bb2
O-O 9. e3 Ne5 10. Nd1 d5 11. cxd5 c4 12. Qc2 Nd3+ 13. Kf1 exd5 14. Bxg7 Kxg7
15. Ne2 Bf5 16. Nd4 Qd7 17. h3 Kg8 18. Qc3 h5 19. Kg1 a6 20. Kh2 Qd6 21. h4
Rac8 22. Rf1 Bg4 23. f3 Nf5 24. Ne2 Bxf3 25. Rxf3 Ne1 26. Rxf5 gxf5 27. Nf4 Kh7
28. Bxd5 Nd3 29. Nxh5 Rg8 30. Qd4 Rxg3 31. Qf6 Rg6+ 32. Qxd6 Rxd6 33. Nc3 Rh6
34. Nf4 Rg8 35. Ng2 f4 36. Be4+ Kh8 37. exf4 Nf2 38. Bxb7 Rd8 39. Bd5 Ng4+ 40.
Kg1 0-1

[Event "NB I. Maroczy csoport"]
[Site "Berente"]
[Date "2023.11.26"]
[Round "4.7"]
[White "Sugar, Karoly"]
[Black "Kovacs, Apollo"]
[Result "0-1"]
[WhiteElo "2026"]
[BlackElo "2156"]
[PlyCount "38"]
[EventDate "2023.10.08"]
[EventType "team-tourn"]
[EventRounds "11"]
[EventCountry "HUN"]
[Source "chess.hu"]
[WhiteTeam "Magyar Sakkvilag-SMS"]
[BlackTeam "Pitypalatty Sakk SE"]
[WhiteTeamCountry "HUN"]
[BlackTeamCountry "HUN"]

1. d4 Nf6 2. c4 e6 3. Nc3 Bb4 4. e3 Bxc3+ 5. bxc3 d6 6. Bd3 Nc6 7. Ne2 O-O 8.
O-O b6 9. f3 Na5 10. c5 dxc5 11. dxc5 bxc5 12. Ba3 Qd6 13. Bc2 Ba6 14. Qxd6
cxd6 15. Kf2 Nd5 16. Rfe1 Bxe2 17. Kxe2 Nxc3+ 18. Kd3 Nb5 19. Bc1 c4+ 0-1

[Event "NB I. Maroczy csoport"]
[Site "Berente"]
[Date "2023.11.26"]
[Round "4.8"]
[White "Eberth, Zoltan Bela"]
[Black "Torok, Tamas Titusz"]
[Result "0-1"]
[WhiteElo "1997"]
[BlackElo "1984"]
[PlyCount "76"]
[EventDate "2023.10.08"]
[EventType "team-tourn"]
[EventRounds "11"]
[EventCountry "HUN"]
[Source "chess.hu"]
[WhiteTeam "Pitypalatty Sakk SE"]
[BlackTeam "Magyar Sakkvilag-SMS"]
[WhiteTeamCountry "HUN"]
[BlackTeamCountry "HUN"]

1. e4 e5 2. f4 d5 3. exd5 exf4 4. Nf3 Nf6 5. c4 c6 6. d4 Bb4+ 7. Nc3 cxd5 8.
Bd3 O-O 9. O-O Bxc3 10. bxc3 Be6 11. c5 b6 12. Ba3 Re8 13. Qd2 Nh5 14. Ne5 f6
15. Be2 fxe5 16. Bxh5 g6 17. Be2 g5 18. Bh5 Bf7 19. Bxf7+ Kxf7 20. dxe5 Nc6 21.
g3 Nxe5 22. gxf4 Nc4 23. Qd3 Kg8 24. Rae1 Rxe1 25. Rxe1 Nxa3 26. Re5 gxf4 27.
Rxd5 Qe7 28. Rd7 Qe3+ 29. Qxe3 fxe3 30. Kf1 bxc5 31. Ke2 Re8 32. Rxa7 Nb5 33.
Rb7 Nxc3+ 34. Kf1 e2+ 35. Ke1 Rd8 36. Re7 Rd1+ 37. Kf2 Rf1+ 38. Kg2 e1=Q 0-1

[Event "NB I. Maroczy csoport"]
[Site "Berente"]
[Date "2023.11.26"]
[Round "4.9"]
[White "Borda, Lajos"]
[Black "Paal, Andras"]
[Result "0-1"]
[WhiteElo "1974"]
[BlackElo "1986"]
[PlyCount "54"]
[EventDate "2023.10.08"]
[EventType "team-tourn"]
[EventRounds "11"]
[EventCountry "HUN"]
[Source "chess.hu"]
[WhiteTeam "Magyar Sakkvilag-SMS"]
[BlackTeam "Pitypalatty Sakk SE"]
[WhiteTeamCountry "HUN"]
[BlackTeamCountry "HUN"]

1. e4 e6 2. d4 d5 3. Nc3 Bb4 4. Qd3 dxe4 5. Qxe4 Nf6 6. Qd3 O-O 7. Bd2 c5 8.
dxc5 Nc6 9. a3 Bxc5 10. Qxd8 Rxd8 11. Nf3 e5 12. Bg5 Bf5 13. Bc4 Bxc2 14. O-O
e4 15. Ne1 Bd3 16. Nxd3 exd3 17. Rad1 Ne5 18. Ba2 Rac8 19. Bxf6 gxf6 20. Ne4
Be7 21. f4 Ng4 22. Rf3 f5 23. Rg3 Kf8 24. h3 fxe4 25. hxg4 Rc2 26. Bb1 Rxb2 27.
Kh2 Bd6 0-1

[Event "NB I. Maroczy csoport"]
[Site "Berente"]
[Date "2023.11.26"]
[Round "4.10"]
[White "Bagoly, Janos"]
[Black "Metaxasz, Vaszilisz"]
[Result "1/2-1/2"]
[WhiteElo "2073"]
[BlackElo "1895"]
[PlyCount "42"]
[EventDate "2023.10.08"]
[EventType "team-tourn"]
[EventRounds "11"]
[EventCountry "HUN"]
[Source "chess.hu"]
[WhiteTeam "Pitypalatty Sakk SE"]
[BlackTeam "Magyar Sakkvilag-SMS"]
[WhiteTeamCountry "HUN"]
[BlackTeamCountry "HUN"]

1. d4 d5 2. c4 c6 3. Nf3 Nf6 4. cxd5 cxd5 5. Nc3 Nc6 6. Bf4 a6 7. e3 Bg4 8. Bd3
e6 9. O-O Bd6 10. Bg5 O-O 11. Rc1 Be7 12. Bb1 Rc8 13. Na4 Ne4 14. Bxe7 Qxe7 15.
Bd3 Nb4 16. Rxc8 Rxc8 17. a3 Nxd3 18. Qxd3 Bxf3 19. gxf3 Qg5+ 20. Kh1 Qh5 21.
fxe4 Qf3+ 1/2-1/2

[Event "NB I. Maroczy csoport"]
[Site "Berente"]
[Date "2023.11.26"]
[Round "4.11"]
[White "Rakosi, Ferenc Dr"]
[Black "Heidrich, Mate"]
[Result "0-1"]
[WhiteElo "1920"]
[BlackElo "2029"]
[PlyCount "62"]
[EventDate "2023.10.08"]
[EventType "team-tourn"]
[EventRounds "11"]
[EventCountry "HUN"]
[Source "chess.hu"]
[WhiteTeam "Magyar Sakkvilag-SMS"]
[BlackTeam "Pitypalatty Sakk SE"]
[WhiteTeamCountry "HUN"]
[BlackTeamCountry "HUN"]

1. d4 Nf6 2. Nf3 d5 3. Bf4 Bg4 4. Ne5 Bf5 5. e3 Nbd7 6. Nd2 Nxe5 7. Bxe5 e6 8.
Be2 Bd6 9. Bxd6 Qxd6 10. c3 O-O 11. f4 Ne4 12. Nxe4 Bxe4 13. O-O c5 14. Qd2 c4
15. Bd1 b5 16. Bc2 Bxc2 17. Qxc2 b4 18. cxb4 Qxb4 19. f5 f6 20. fxe6 Rae8 21.
a3 Qd6 22. Rf3 Rxe6 23. Re1 Re4 24. Qd2 Rb8 25. Rc1 Qb6 26. Rf2 Qb3 27. Rc3 Qa2
28. h3 Re6 29. Re2 Qb1+ 30. Kh2 Qe4 31. Rc2 Reb6 0-1

[Event "NB I. Maroczy csoport"]
[Site "Berente"]
[Date "2023.11.26"]
[Round "4.12"]
[White "Kacsandi, Lili Fruzsina"]
[Black "Kajtar, Dora"]
[Result "1-0"]
[WhiteElo "1787"]
[BlackElo "1637"]
[PlyCount "65"]
[EventDate "2023.10.08"]
[EventType "team-tourn"]
[EventRounds "11"]
[EventCountry "HUN"]
[Source "chess.hu"]
[WhiteTeam "Pitypalatty Sakk SE"]
[BlackTeam "Magyar Sakkvilag-SMS"]
[WhiteTeamCountry "HUN"]
[BlackTeamCountry "HUN"]

1. e4 d6 2. d4 Nf6 3. Nc3 g6 4. f4 Na6 5. Nf3 c5 6. Bxa6 bxa6 7. dxc5 Qa5 8.
cxd6 exd6 9. O-O Qb6+ 10. Qd4 Bb7 11. Be3 Qxd4 12. Bxd4 Bg7 13. Nd5 Bxd5 14.
exd5 O-O 15. c4 Rac8 16. b3 Nd7 17. Bxg7 Kxg7 18. Rfe1 Rfe8 19. Rxe8 Rxe8 20.
Re1 Rxe1+ 21. Nxe1 a5 22. Kf2 Nc5 23. Ke3 Kf6 24. Nd3 Nd7 25. Kd4 Ke7 26. c5 a6
27. c6 Nb6 28. Nb2 Kd8 29. Nc4 Nxc4 30. bxc4 f6 31. c5 Kc7 32. a4 h5 33. h4 1-0

[Event "NB I. Maroczy csoport"]
[Site "Budapest"]
[Date "2023.11.26"]
[Round "4.1"]
[White "Bodi, Tibor"]
[Black "Furedi, Erik"]
[Result "0-1"]
[WhiteElo "2302"]
[BlackElo "2267"]
[PlyCount "100"]
[EventDate "2023.10.08"]
[EventType "team-tourn"]
[EventRounds "11"]
[EventCountry "HUN"]
[Source "chess.hu"]
[WhiteTeam "Aquarena Kobanya  II"]
[BlackTeam "Vasas SC"]
[WhiteTeamCountry "HUN"]
[BlackTeamCountry "HUN"]

1. d4 f5 2. c4 Nf6 3. Nc3 g6 4. h4 Bg7 5. h5 d6 6. h6 Bf8 7. Bg5 Be6 8. Nh3
Nbd7 9. Nf4 Bf7 10. d5 c6 11. e3 Qb6 12. Be2 O-O-O 13. O-O Re8 14. b4 Qxb4 15.
dxc6 bxc6 16. Rb1 Qa5 17. Qb3 Nb6 18. Qb2 Nfd7 19. c5 dxc5 20. Rfd1 e5 21. Nh3
c4 22. Bf3 Ba3 23. Qc2 e4 24. Be2 Ne5 25. Bf4 Nd3 26. Ng5 Nxf4 27. exf4 Bd5 28.
Qd2 Qc5 29. Qc2 Qa5 30. Nxd5 cxd5 31. Nf7 Rhf8 32. Ne5 Rxe5 33. fxe5 Re8 34.
Rb3 Bc5 35. Rbb1 Bf8 36. a4 Qxa4 37. Qc3 Qa3 38. Qc2 Bxh6 39. Rxd5 Nxd5 40.
Bxc4 Nc7 41. Bd5 Re7 42. Bb7+ Kd8 43. Bc6 Rxe5 44. Qc4 Ke7 45. Qg8 Rc5 46.
Qxh7+ Kf6 47. Qh8+ Kf7 48. Qh7+ Bg7 49. Rb8 Qc1+ 50. Kh2 Qh6+ 0-1

[Event "NB I. Maroczy csoport"]
[Site "Budapest"]
[Date "2023.11.26"]
[Round "4.2"]
[White "Torok, Sandor"]
[Black "Horvath, David"]
[Result "0-1"]
[WhiteElo "2206"]
[BlackElo "2336"]
[PlyCount "94"]
[EventDate "2023.10.08"]
[EventType "team-tourn"]
[EventRounds "11"]
[EventCountry "HUN"]
[Source "chess.hu"]
[WhiteTeam "Vasas SC"]
[BlackTeam "Aquarena Kobanya  II"]
[WhiteTeamCountry "HUN"]
[BlackTeamCountry "HUN"]

1. e4 e6 2. d4 d5 3. Nd2 c5 4. exd5 Qxd5 5. Ngf3 cxd4 6. Bc4 Qd7 7. O-O Nc6 8.
Nb3 a6 9. Nbxd4 Nxd4 10. Qxd4 Qxd4 11. Nxd4 Bd7 12. Re1 Rc8 13. Bd5 Bc5 14. Nb3
Bb6 15. Bxb7 Rxc2 16. Bd2 Nf6 17. Bxa6 Rxb2 18. Reb1 Rxb1+ 19. Rxb1 Nd5 20. Nc5
Ke7 21. Nxd7 Kxd7 22. g3 Ra8 23. Bb5+ Kd6 24. a4 Ba5 25. Bxa5 Rxa5 26. Rc1 g5
27. Rc8 Nc7 28. Rd8+ Ke5 29. Rd7 Nxb5 30. axb5 f5 31. b6 Rb5 32. b7 h5 33. Kf1
Ke4 34. Ke2 Rb2+ 35. Kd1 Kf3 36. h4 g4 37. Rd3+ Kg2 38. Rd7 Kf1 39. Kc1 Rb6 40.
Rc7 e5 41. Rf7 Kxf2 42. Rxf5+ Kxg3 43. Rxh5 Rxb7 44. Kd2 Kh2 45. Rxe5 g3 46.
Rg5 g2 47. Ke3 Rf7 0-1

[Event "NB I. Maroczy csoport"]
[Site "Budapest"]
[Date "2023.11.26"]
[Round "4.3"]
[White "Polyik, Peter"]
[Black "Karacsony, Attila"]
[Result "1-0"]
[WhiteElo "2292"]
[BlackElo "2188"]
[PlyCount "65"]
[EventDate "2023.10.08"]
[EventType "team-tourn"]
[EventRounds "11"]
[EventCountry "HUN"]
[Source "chess.hu"]
[WhiteTeam "Aquarena Kobanya  II"]
[BlackTeam "Vasas SC"]
[WhiteTeamCountry "HUN"]
[BlackTeamCountry "HUN"]

1. e4 e5 2. Nf3 Nc6 3. Bb5 f5 4. d3 fxe4 5. dxe4 Nf6 6. O-O d6 7. Bc4 Bg4 8. h3
Bxf3 9. Qxf3 Qd7 10. Nc3 Be7 11. Be3 Na5 12. Be2 O-O 13. Qg3 Kh8 14. Rad1 Qe6
15. Kh1 a6 16. Qh2 c6 17. f4 Nc4 18. f5 Qg8 19. Bc1 b5 20. b3 Nb6 21. Bf3 d5
22. Qxe5 Rae8 23. exd5 Bc5 24. Qf4 cxd5 25. b4 Be7 26. Qd4 Bd8 27. Bf4 Nc4 28.
Nxd5 Rf7 29. Rfe1 Qf8 30. Rxe8 Qxe8 31. Kh2 h6 32. Bg3 Qf8 33. Nf4 1-0

[Event "NB I. Maroczy csoport"]
[Site "Budapest"]
[Date "2023.11.26"]
[Round "4.4"]
[White "Jacso, Adam Dr"]
[Black "Konnyu, Janos"]
[Result "1/2-1/2"]
[WhiteElo "2195"]
[BlackElo "2339"]
[PlyCount "41"]
[EventDate "2023.10.08"]
[EventType "team-tourn"]
[EventRounds "11"]
[EventCountry "HUN"]
[Source "chess.hu"]
[WhiteTeam "Vasas SC"]
[BlackTeam "Aquarena Kobanya  II"]
[WhiteTeamCountry "HUN"]
[BlackTeamCountry "HUN"]

1. d4 Nf6 2. c4 g6 3. Nc3 Bg7 4. e4 d6 5. Nf3 O-O 6. Be2 e5 7. O-O Nc6 8. d5
Ne7 9. b4 a5 10. Ba3 Ne8 11. c5 f5 12. Nd2 fxe4 13. Ndxe4 Nf5 14. bxa5 Nd4 15.
cxd6 cxd6 16. Bb4 Bf5 17. Bd3 Rc8 18. f3 Bh6 19. Qe1 Rf7 20. Rb1 Rfc7 21. a4
1/2-1/2